000 00663nam a2200193Ia 4500
005 20250923145119.0
008 008 250917s9999 xx 000 0 eng d
037 _aTextual
040 _aDSWL
_beng
_cDSWL
041 _aeng
_2eng
084 _aZg, N68.30
_qDSWL
245 4 _aThe Collected works of Mahatma Gandhi Vol XXX (Feb , June 1926)
_cby Publication Division , Ministry of Information & Broadcasting , Govt India
260 _bPublication Division , Ministry of Information & Broadcasting , Govt India
_c1968
300 _axx,482 p.
365 _aINR
_b15
925 _g15
942 _cTEXL
_hZg, N68.30
999 _c1447279
_d1447279